000 00673nam a2200253Ia 4500
005 20251020182442.0
008 200515s9999 xx 000 0 und d
020 _a84-7819-073-2
082 _a528.83/I59
110 _aInstituto Geográfico Nacional
245 0 _aAvances en Geofísica y Geodesia. Volumen núm. 1
260 _aMadrid
260 _bInstituto Geográfico Nacional
260 _c1996
300 _a379 p.
300 _bil., tbl., graf., fot.
500 _a1 ejemplar. Volumen 1
520 _aArtículos relacionados con geodesia, geofísica.
650 _aGEODESIA
650 _aGEOFISICA
650 _aGPS
942 _cLIB
999 _c584
_d584